• 首页
  • 本馆介绍
  • 公告通知
  • 最新文献
  • 馆藏检索
  • 电子资源
  • 读者导购
  • 参考咨询
  • 我的图书馆
  • 登录
  • 详细信息显示
  • 放入我的书架
  • 预约/预借图书
  • 作者相关作品
  • 分类相关作品
  • 丛书相关作品
  • 出版社相关作品

书目信息

  • 表格格式
  • 工作单格式
  • 卡片格式
题名:
光学薄膜材料的理论与实践
    
 
作者: 斯腾泽尔 著 ;张立超 译
分册:  
出版信息: 北京   国防工业出版社  2017.1
页数: 19,336页
开本: 24cm
丛书名: 现代光学工程精品译丛
单 册:
中图分类: TB43
科图分类:
主题词: 光学薄膜--研究
电子资源:
ISBN: 978-7-118-11177-4
000 01392nam 2200301 450
001 0400001897
005 20171019190843.0
010    @a978-7-118-11177-4@dCNY98.00
100    @a20170427e2017 em y0chiy50 ea
101 1  @achi@cger
102    @aCN@b110000
105    @aa z 000yy
106    @ar
200 1  @a光学薄膜材料的理论与实践@9guang xue bao mo cai liao de li lun yu shi jian@dOptical Coatings:Material Aspects in Theory and Practice@zger@f(德)Olaf Stenzel著@g张立超[等3]译
210    @a北京@c国防工业出版社@d2017.1
215    @a19,336页@c图@d24cm
225 1  @a现代光学工程精品译丛
300    @a装备科技译著出版基金
314    @a张立超,研究员,就职于中国科学院长春光学精密机械与物理研究所超精密光学工程研究中心,主要研究方向:超精密光学技术。
330    @a本书在全面地评述了薄膜理论的基础、传统光学镀膜材料的特性,以及这些特性之间的关联等因素对薄膜设计方法的效率所产生的影响之后,重点介绍了将材料混合物与纳米结构应用于光学薄膜的理论与实践中所获得的最新成果,其中包括多孔膜层、介质混合物,以及面向不用应用的金属岛状薄膜。
461  0 @12001 @a现代光学工程精品译丛
510 1  @aOptical Coatings:Material Aspects in Theory and Practice@zger
606 0  @a光学薄膜@x研究
690    @aTB43@v5
701  0 @c(德)@a斯腾泽尔@9si teng ze er@c(Stenzel, Olaf)@4著
702  0 @a张立超@9zhang li chao@4译
801  0 @aCN@b91MARC@c20171019
905    @b1025911-5@dTB43@f5@e432
    
    光学薄膜材料的理论与实践=Optical Coatings:Material Aspects in Theory and Practice/(德)Olaf Stenzel著/张立超[等3]译.-北京:国防工业出版社,2017.1
    19,336页:图;24cm.-(现代光学工程精品译丛)
    装备科技译著出版基金
    
    ISBN 978-7-118-11177-4:CNY98.00
    本书在全面地评述了薄膜理论的基础、传统光学镀膜材料的特性,以及这些特性之间的关联等因素对薄膜设计方法的效率所产生的影响之后,重点介绍了将材料混合物与纳米结构应用于光学薄膜的理论与实践中所获得的最新成果,其中包括多孔膜层、介质混合物,以及面向不用应用的金属岛状薄膜。
●
相关链接 在E读中查询图书 在五车中查询图书 在当当中查询图书 在豆瓣中查询图书


正题名:光学薄膜材料的理论与实践     索取号:TB43/432         预约/预借

序号 登录号 条形码 馆藏地/架位号 状态 备注
1 1025911   210259110   第二样本阅览室/ [索取号:TB43/432] 在馆    
2 1025912   210259129   密集书库-化学系/ [索取号:TB43/432] 在馆    
3 1025913   210259138   第三借阅区/ [索取号:TB43/432] 在馆    
4 1025914   210259147   第三借阅区/ [索取号:TB43/432] 在馆    
5 1025915   210259156   第三借阅区/ [索取号:TB43/432] 在馆    
唐山师范学院图书馆 欢迎您!
大连网信软件有限公司© 版权所有